000 00742cab a2200205 4500
001 ABS43139
008 090401t1990 xxu||||| |||| 00| 0 eng d
035 _a(Sirsi) u40552
041 _aeng
100 _aNaughton, P.
245 _aAlternative forms of dispute resolution - their strengths and weaknesses
260 _c1990
350 _a0
490 _aConstruction Law Journal
_v6(3) 1990, 195-206(12)
520 _aLooks in turn at alternative forms of resolving a dispute such as mediation or mini-trial , and the popularity of ADR .
650 _aDISPUTE RESOLUTION
_96236
690 _aMANAGEMENT-DISPUTE AVOIDANCE, MANAGEMENT AND RESOLUTION-DISPUTE MANAGEMENT AND RESOLUTION-ARBITRATION
942 _n0
948 _c04/03/1997
999 _c25977
_d25977